| 000 | 00694nam a2200205 a 4500 | ||
|---|---|---|---|
| 001 | 2207 | ||
| 003 | CDMR | ||
| 005 | 20130530161747.0 | ||
| 008 | 130130s1995||||||||||||||||||||||||||||d | ||
| 020 | _a8492028912 | ||
| 040 |
_aCDMR _bcat _cCPC GIRONA |
||
| 100 | 1 |
_aBové, Miquel _91638 |
|
| 245 | 1 | 3 |
_aLa premsa de sorra _b: les publicaciones obreres clandestines a la Catalunya de postguerra (1939-1953) _cMiquel Bové, Antoni Capilla |
| 260 |
_bDiputació de Barcelona _a[Barcelona] |
||
| 260 |
_c1995 _bCol·legi de Periodistes de Catalunya |
||
| 490 | 0 |
_aVaixells de Paper _v18 |
|
| 650 | 0 | 4 |
_93575 _aLiteratura clandestina _yS.XX _zCatalunya |
| 700 | 1 |
_93576 _aCapilla, Antoni |
|
| 942 |
_cMON _2udc |
||
| 999 |
_c2207 _d2207 |
||